banner koha

Synoptic treatment of Dalechampia (Euphorbiaceae) from Espírito Santo, Brazil: distribution, morphology, illustration and new occurrences (Registro n. 338648)

MARC details
000 -LÍDER
fixed length control field 03136nab a2200277 i 4500
003 - CÓDIGO MARC DA AGÊNCIA CATALOGADORA
Campo de controle BR-BrBNA
005 - DATA E HORA DA ÚLTIMA ATUALIZAÇÃO
Campo de controle 20251010204829.0
008 - CAMPO DE TAMANHO FIXO
fixed length control field 251010b2022 bl.ar|pooa||| 00| 0 eng |
040 ## - FONTE DA CATALOGAÇÃO
Agência catalogadora BR-BrBNA
Idioma da catalogação eng
072 ## - CATEGORIA AGRIS
Código AGRIS F70
100 ## - ENTRADA PRINCIPAL - NOME PESSOAL
Nome pessoal Mendes, Jone Clebson Ribeiro
100 ## - ENTRADA PRINCIPAL - NOME PESSOAL
Nome pessoal Bigio, Narcísio Costa
100 ## - ENTRADA PRINCIPAL - NOME PESSOAL
Nome pessoal Külkamp, Josimar
100 ## - ENTRADA PRINCIPAL - NOME PESSOAL
Nome pessoal Pereira-Silva, Rafaela Alves
245 ## - TÍTULO PRINCIPAL
Título principal Synoptic treatment of Dalechampia (Euphorbiaceae) from Espírito Santo, Brazil: distribution, morphology, illustration and new occurrences
500 ## - NOTA GERAL
Nota geral Publicação on-line; 36 ref.; 2 tables; 6 illus.; Summaries (En, Pt)
942 ## - ADDED ENTRY ELEMENTS (KOHA)
Koha item type Analítica
520 ## - NOTA DE RESUMO
Nota de conteúdo <br/><br/>Abstract<br/><br/>Euphorbiaceae is one of the largest and more complex families of angiosperms with 6,745 species and 218<br/>genera. Dalechampia comprises approximately 130 species, with pantropical distribution, the genus presents<br/>pseudantial inflorescence with bilateral symmetry, and this characteristic differs from the others taxons in the<br/>family. Were registered 15 Dalechampia species for Espiríto Santo, of which D. margarethiae until then, it<br/>was endemic of state recording here a new occurrence for the state of Minas Gerais. Dalechampia leandrii, <br/>D. micromeria, and D. stipulacea constitute new records for the state. After expeditions in the field to observe<br/>and collect samples, bibliographic revision, and examination of herbarium specimens, we present a synopsis<br/>of Dalechampia from Espirito Santo state, in which we provide morphological illustration, an identification<br/>key, distribution maps, and comments about each taxon.<br/><br/>Key words: Dalechampiinae, flora, taxonomy, twining vines.<br/><br/><br/><br/><br/>Resumo<br/><br/>Euphorbiaceae é uma das maiores e mais complexas famílias de angiospermas com 6.745 espécies e 218<br/>gêneros. Dalechampia compreende aproximadamente 130 espécies, com distribuição pantropical. Dalechampia<br/>apresenta inflorescência pseudantial com simetria bilateral, característica esta que difere o gênero dos demais<br/>da família. Foram registradas 15 espécies de Dalechampia para o Espírito Santo, das quais D. margarethiae<br/>até então, era endêmica do estado, e aqui registramos uma nova ocorrência para o estado de Minas Gerais.<br/>Dalechampia leandrii, D. micromeria e D. stipulacea constituem novos registros para o estado. Após<br/>expedições em campo para observação e coleta de amostras, revisão bibliográfica e análise de espécimes de<br/>herbário, nós apresentamos uma sinopse de Dalechampia do Espírito Santo, na qual fornecemos ilustração<br/>morfológica, chave de identificação, mapas de distribuição e comentários sobre cada táxon.<br/><br/>Palavras-chave: Dalechampiinae, flora, taxonomia, trepadeiras.
650 ## - ASSUNTO - THESAGRO
Cabeçalho tópico ou nome geográfico FLORA
650 ## - ASSUNTO - THESAGRO
Cabeçalho tópico ou nome geográfico TAXONOMIA
650 ## - ASSUNTO - THESAGRO
Cabeçalho tópico ou nome geográfico TREPADEIRA
650 ## - ASSUNTO - THESAGRO
Cabeçalho tópico ou nome geográfico EUPHORBIACEAE
773 0# - ENTRADA ANALÍTICA
Host Biblionumber 709
Registro do item 357916
Imprenta Rio de Janeiro-RJ Jardim Botanico do Rio de Janeiro 1935
Outro identificador 2025-5881
Título Rodriguésia (Brazil)
ISSN 0370-6583; 2175-7860 on-line
Colação v. 73 p. 1-16; (2022)
Número de controle de registro BR2025004403
856 ## - ACESSO E ENDEREÇO ELETRÔNICO
Identificador uniforme de recurso - URI https://www.scielo.br/j/rod/a/FzpVQk8D6qRZmfcxzvcxrFc/?format=pdf&lang=en

Nenhum exemplar disponível.

BINAGRI

Telefone: (61)3218-2567/2388/3357/2097 - binagri@agro.gov.br

Ministério da Agricultura e Pecuária , Esplanada dos Ministérios, Bloco D, Anexo B, Brasília/DF, CEP: 70.043-900